Fr. Conceicao Rodrigues College of Engineering

Programming in Prolog (Record no. 24037)

MARC details
000 -LEADER
fixed length control field 00361nam a2200169Ia 4500
082 ## - DEWEY DECIMAL CLASSIFICATION NUMBER
Classification number 5.133
Item number CLO
100 ## - MAIN ENTRY--PERSONAL NAME
Personal name Clocksin/William F/ Mellish/Christopher S
250 ## - EDITION STATEMENT
Edition statement 5
245 ## - TITLE STATEMENT
Title Programming in Prolog
260 ## - PUBLICATION, DISTRIBUTION, ETC.
Name of publisher, distributor, etc. Springer
Date of publication, distribution, etc. 2003
366 ## - TRADE AVAILABILITY INFORMATION
Publishers's discount category 25
300 ## - PHYSICAL DESCRIPTION
Extent 299
546 ## - LANGUAGE NOTE
Language note ENGLISH
-- Computers
650 ## - SUBJECT ADDED ENTRY--TOPICAL TERM
Topical term or geographic name entry element prolog
942 ## - ADDED ENTRY ELEMENTS (KOHA)
Koha item type BOOK
Holdings
Withdrawn status Lost status Damaged status Not for loan Collection Home library Current library Date acquired Source of acquisition Cost, normal purchase price Inventory number Total Checkouts Full call number Barcode Date last seen Cost, replacement price Price effective from Koha item type
        CRC Fr. Agnel's C.Rodrigues College of Engineering Fr. Agnel's C.Rodrigues College of Engineering 17/03/2023 Book World 198.75 291 dt 19/04/2011   5.133 CLO 21527 17/03/2023 265.00   BOOK